| 000 | 00625nam a2200205 i 4500 | ||
|---|---|---|---|
| 001 | 140594 | ||
| 003 | ES-MaACL | ||
| 005 | 20250426204817.0 | ||
| 007 | t| | ||
| 008 | 070214s1934 fr r ||||1| fre d | ||
| 100 | 1 |
_aSeillière, Ernest. _9105268 |
|
| 245 | 1 | 3 |
_aLa jeunesse d'Anatole France / _cErnest Seillière. |
| 260 |
_aParis : _bNouvelle Revue Critique, _c1934 ( _eCorbeil : _fCrété) |
||
| 300 |
_a253 p. ; _c19 cm. |
||
| 490 | 1 | _aEssais critiques | |
| 600 | 1 | 4 |
_aFrance, Anatole, _d1844-1924 _9240108 |
| 830 | 0 |
_aEssais critiques _9184179 |
|
| 852 |
_aES-MaACL _jA-2118 |
||
| 999 |
_c140594 _d140594 |
||